000 00419nam a22001577a 4500
003 OSt
005 20220929220822.0
008 220929b |||||||| |||| 00| 0 eng d
040 _cBiblioteca Lado V
082 _a708
_bG898c
100 _933
_aGuaita, Joan
245 _aColleccion/
260 _aCuba
_bGalerĂ­a los Oficios
_c1996
300 _a52p.
_c23.5x28cm
942 _2ddc
_c1
_h708
_iG898c
_n0
999 _c2143
_d2143